All Countries to compete in 2017 PDC World Darts Championships - Statistics

General Stats
  • This quiz has been taken 170 times
  • The average score is 19 of 22
Answer Stats
Continent Answer % Correct
Oceania Australia
97%
Europe England
97%
Europe Ireland
95%
Europe Scotland
95%
Asia China
94%
Asia Japan
94%
Europe Germany
93%
North America Canada
92%
Europe Netherlands
91%
Oceania New Zealand
91%
Europe Wales
90%
Africa South Africa
89%
Europe Spain
89%
Europe Belgium
88%
Europe Northern Ireland
83%
Europe Russia
83%
Europe Sweden
82%
Europe Austria
81%
Europe Finland
70%
Europe Greece
62%
Asia Malaysia
52%
Asia Philippines
47%
No matching quizzes found
Score Distribution
Percent of People with Each Score
Percentile by Number Answered
Your Score History
You have not taken this quiz